Lift his shadow (Record no. 77014)

MARC details
000 -LEADER
fixed length control field 01100cab a2200193 4500
001 - CONTROL NUMBER
control field ##L133449
008 - FIXED-LENGTH DATA ELEMENTS--GENERAL INFORMATION
fixed length control field 060509n2006 000 0 eng u
035 ## - SYSTEM CONTROL NUMBER
System control number (Sirsi) u133449
041 0# - LANGUAGE CODE
Language code of text/sound track or separate title eng
100 1# - MAIN ENTRY--PERSONAL NAME
Personal name Roberts, Gwyn
245 00 - TITLE STATEMENT
Title Lift his shadow
260 ## - PUBLICATION, DISTRIBUTION, ETC.
Date of publication, distribution, etc. 2006
490 #0 - SERIES STATEMENT
Series statement Property Week
Volume/sequential designation 71(18) 5 May 2006, 50-51(2)
520 ## - SUMMARY, ETC.
Summary, etc. Property Week have launched a campaign to clean up residential estate agencies who have put a stain on the industry. They are urging the property industry to write to the DTI minister to tell him to allow only approved agents to operate. In the past, the government felt that self-regulation or a free-market approach was the answer. However, there is strong feeling now that if the property industry leads the charge for regulation, ministers will oblige. This article presents the views of top residential agents who yearn for a reform. It also examines how the rest of the world outlaws cowboy firms.
590 ## - LOCAL NOTE (RLIN)
Local note IKA090506
690 ## - LOCAL SUBJECT ADDED ENTRY--TOPICAL TERM (OCLC, RLIN)
Topical term or geographic name as entry element PROPERTY-RESIDENTIAL PROPERTY-RESIDENTIAL PROPERTY MARKET
700 1# - ADDED ENTRY--PERSONAL NAME
Personal name Neil-Gallacher, Ettie
942 ## - ADDED ENTRY ELEMENTS (KOHA)
Suppress in OPAC 0
Holdings
Withdrawn status Lost status Source of classification or shelving scheme Damaged status Not for loan Home library Current library Shelving location Date acquired Total Checkouts Full call number Barcode Date last seen Copy number Price effective from Koha item type
    Dewey Decimal Classification     London London Journal article 09/05/2006   L133449 133449-1001 06/08/2019 1 06/08/2019 Journal article